|
|
|
|
| LEADER |
00000cas a2200000 c 4500 |
| 001 |
166524271 |
| 003 |
DE-627 |
| 005 |
20230404031227.0 |
| 007 |
tu |
| 008 |
941029c19549999it z| p| 0 |0und c |
| 016 |
7 |
|
|a 011246251
|2 DE-101
|
| 016 |
7 |
|
|a 213726-4
|2 DE-600
|
| 022 |
|
|
|a 0006-6761
|
| 030 |
|
|
|a BPAPB
|
| 035 |
|
|
|a (DE-627)166524271
|
| 035 |
|
|
|a (DE-576)014945797
|
| 035 |
|
|
|a (DE-599)ZDB213726-4
|
| 035 |
|
|
|a (OCoLC)311138958
|
| 040 |
|
|
|a DE-627
|b ger
|c DE-627
|e rakwb
|
| 044 |
|
|
|c XA-IT
|
| 082 |
0 |
4 |
|a 150
|q DE-600
|
| 084 |
|
|
|a 5,2
|2 ssgn
|
| 210 |
1 |
0 |
|a BOLL PSICOL APPL
|
| 245 |
0 |
0 |
|a Bollettino di psicologia applicata
|b periodico di studi di ricerche e di applicazioni sui problemi del lavoro = Applied psychology bulletin
|
| 246 |
3 |
1 |
|a Applied psychology bulletin
|
| 264 |
3 |
1 |
|a Firenze
|b Giunti O.S. Organizzazioni Speciali
|c 1954-
|
| 336 |
|
|
|a Text
|b txt
|2 rdacontent
|
| 337 |
|
|
|a ohne Hilfsmittel zu benutzen
|b n
|2 rdamedia
|
| 338 |
|
|
|a Band
|b nc
|2 rdacarrier
|
| 362 |
0 |
|
|a Nr. 1/3.1954 - 7/8.1955; 37/39.1960 -
|
| 363 |
0 |
1 |
|a 1/3
|i 1954
|
| 363 |
1 |
0 |
|a 7/8
|i 1955
|
| 591 |
|
|
|a S/SB!071177
|
| 655 |
|
7 |
|a Zeitschrift
|0 (DE-588)4067488-5
|0 (DE-627)10454466X
|0 (DE-576)20917000X
|2 gnd-content
|
| 770 |
0 |
8 |
|t Suppl. ---> L'Inserto
|
| 951 |
|
|
|a JT
|
| ELC |
|
|
|b 1
|
| ORI |
|
|
|a WA-MARC-krimdokb001.raw
|
| SPR |
|
|
|a 1
|t KRI
|